000 00669nam a2200193Ia 4500
003 GCL
008 140319s9999 xx 000 0 ara d
040 _aGCL /
_cGCL
082 0 4 _aد
_b050
100 1 _aعبدالهادى على النجار
245 1 0 _aالاسلام والاقتصاد (عالم المعرفة 63) /
_cعبدالهادى على النجار
300 _a285 ص
490 _aعالم المعرفة
_v0
650 0 4 _aالاقتصاد الاسلامى
650 0 4 _aالاسلام والاقتصاد
650 0 4 _aالاسلام والاصلاح الاقتصادى
650 0 4 _aالاسلام - النظام المالى
942 _2ddc
_cBK
999 _c50429
_d50429